Miles Davis : (Record no. 92)

MARC details
000 -LEADER
fixed length control field 00794pam a22002655a 4500
001 - CONTROL NUMBER
control field 1007723
005 - DATE AND TIME OF LATEST TRANSACTION
control field 20200421093818.0
008 - FIXED-LENGTH DATA ELEMENTS--GENERAL INFORMATION
fixed length control field 990419s1998 enk 000 0beng
015 ## - NATIONAL BIBLIOGRAPHY NUMBER
National bibliography number GB98-73749
016 7# - NATIONAL BIBLIOGRAPHIC AGENCY CONTROL NUMBER
Record control number 0002552221
Source Uk
020 ## - INTERNATIONAL STANDARD BOOK NUMBER
International Standard Book Number 0002552221
035 ## - SYSTEM CONTROL NUMBER
System control number (Uk)gb 98073749
040 ## - CATALOGING SOURCE
Original cataloging agency UkOxU
Transcribing agency UkOxU
Modifying agency Uk
100 1# - MAIN ENTRY--PERSONAL NAME
Personal name Carr, Ian,
Dates associated with a name 1933-
9 (RLIN) 112
245 10 - TITLE STATEMENT
Title Miles Davis :
Remainder of title the definitive biography /
Statement of responsibility, etc. Ian Carr.
250 ## - EDITION STATEMENT
Edition statement Rev. ed.
260 ## - PUBLICATION, DISTRIBUTION, ETC.
Place of publication, distribution, etc. London :
Name of publisher, distributor, etc. HarperCollins,
Date of publication, distribution, etc. 1998.
300 ## - PHYSICAL DESCRIPTION
Extent 658 p., [16] p. of plates :
Other physical details ill. ;
Dimensions 24 cm.
500 ## - GENERAL NOTE
General note Previous ed.: New York: Morrow; London: Quartet, 1982.
600 10 - SUBJECT ADDED ENTRY--PERSONAL NAME
Personal name Davis, Miles,
Dates associated with a name 1926-
650 #0 - SUBJECT ADDED ENTRY--TOPICAL TERM
Topical term or geographic name entry element Jazz musicians
Geographic subdivision United States
General subdivision Biography.
942 ## - ADDED ENTRY ELEMENTS (KOHA)
Source of classification or shelving scheme Dewey Decimal Classification
Koha item type Books
956 ## - LOCAL ELECTRONIC LOCATION AND ACCESS (OCLC)
Host name NLS
Holdings
Withdrawn status Lost status Damaged status Not for loan Collection Home library Current library Shelving location Date acquired Barcode Date last seen Price effective from Koha item type
        Reference Midway Midway General stacks 09/04/2014 39999000003819 09/04/2014 09/04/2014 Books
        Reference Midway Midway General stacks 09/04/2014 39999000003833 09/04/2014 09/04/2014 Books